Taylor Swift - Compléter le nom des chansons #4 - Statistiques

Statistiques générales
  • Ce quiz a été pris 54 fois
  • Le résultat moyen est 18 sur 20
Statistiques - réponses
Hint Réponse % Correct
It's Nice To Have a Friend
98%
Tim McGraw
98%
Is It Over Now
98%
I Forgot That You Existed
96%
Thank You Aimee
94%
Soon You'll Get Better
94%
New Year's Day
94%
Dear John
94%
This Is Me Trying
94%
Down Bad
92%
Sparks Fly
92%
So Long London
92%
I Can See You
92%
Castles Crumbing
90%
Tis The Damn Season
90%
Today Was a Fairytale
88%
Long Live
88%
I Almost Do
86%
Suburban Legends
86%
Foolish One
78%
Aucun quiz correspondant
Distribution des résultats
% des personnes avec chaque résultat
Percentile par nombre de réponses
Votre historique - résultats
Vous n’avez pas pris ce quiz